سنوات بلا قرار / (Record no. 14125)
[ view plain ]
| 000 -الفاتح | |
|---|---|
| حقل البيانات ثابتة الطول | 01347nam a2200325 i 4500 |
| 003 - محدد رقم الضبط | |
| رقم الضبط | EG-ScBUE |
| 005 - وقت وتاريخ اخر تعامل مع التسجيلة | |
| رقم الضبط | 20240219140656.0 |
| 008 - عناصر البيانات ثابتة الطول - معلومات عامة | |
| حقل البيانات ثابتة الطول | 100620s1988 ua o f b 000 0baara d |
| 020 ## - الرقم الدولى المعيارى للكتب | |
| الرقم الدولى المعيارى للكتاب | 1987 / 8690 |
| 040 ## - مصدر الفهرسة | |
| وكالة الفهرسة الأصلية | EG-ScBUE |
| لغة الفهرسة | ara |
| قواعد الوصف | rda |
| وكالة النسخ | EG-ScBUE |
| وكالة التعديل | EG-ScBUE |
| 043 ## - رمز المنطقة الجغرافية | |
| رمز المنطقة الجغرافية | awba--- |
| -- | awgz--- |
| 082 04 - رقم تصنيف ديوى العشرى | |
| رقم الطبعة | 22 |
| رقم التصنيف | 956.04 |
| رقم المادة | ا ل ف |
| 100 1# - المدخل الرئيسى - إسم شخصى | |
| 9 (RLIN) | 14910 |
| الإسم الشخصى | الفرا، محمد، |
| الدور | مؤلف. |
| 245 10 - بيان العنوان | |
| العنوان | سنوات بلا قرار / |
| بيان المسئوليه,etc | دكتور محمد الفرا. |
| 250 ## - بيان الطبعة | |
| بيان الطبعة | الطبعة الأولى. |
| 264 #1 - النشر، التوزيع | |
| مكان الناشر او الموزع | القاهرة : |
| اسم الناشر او الموزع | مركز الأهرام للترجمة والنشر، |
| تاريخ النشر أو التوزيع | 1988. |
| 300 ## - الوصف المادى | |
| التعداد | 245 صفحة : |
| تفاصيل ماديه اخرى للوعاء | صور ؛ |
| أبعاد الوعاء | 24 سم |
| 336 ## - نوع المحتوى | |
| source | rdacontent |
| Carrier Type Term | نص |
| Content Type Code | txt |
| 337 ## - نوع الوسيط | |
| Media Type Term | بدون وسيط |
| source | rdamedia |
| Media Type Code | n |
| 338 ## - نوع الحامل أو الناقل | |
| Carrier Type Term | مجلد |
| Carrier Type Code | nc |
| source | rdacarrier |
| 504 ## - تبصرة ببليوجرافية | |
| تبصرة ببليوجرافية,الخ | يشتمل على إرجاعات ببليوجرافية. |
| 541 ## - تبصرة المصدر المباشر للتزويد | |
| طريقة التزويد | إهداء ؛ |
| مصدر التزويد | علاء عبد الغني. |
| 600 17 - المدخل الاضافى بالموضوع-اسم شخصى | |
| الإسم الشخصى | الفرا، محمد |
| التقسيم الفرعي العام | مذكرات. |
| مصدر الرأس أو المصطلح | BUEsh |
| 650 #7 - المدخل الاضافى بالموضوع-مصطلح موضوعى | |
| 9 (RLIN) | 8530 |
| مصطلح موضوعي أو اسم جغرافي كعنصر مدخل | القضية الفلسطينية. |
| مصدر الرأس أو المصطلح | BUEsh |
| 650 #7 - المدخل الاضافى بالموضوع-مصطلح موضوعى | |
| مصطلح موضوعي أو اسم جغرافي كعنصر مدخل | النزاع العربي الإسرائيلي. |
| مصدر الرأس أو المصطلح | BUEsh |
| 650 #7 - المدخل الاضافى بالموضوع-مصطلح موضوعى | |
| مصطلح موضوعي أو اسم جغرافي كعنصر مدخل | السياسيون الفلسطينيون |
| التقسيم الفرعي الشكلي | تراجم. |
| مصدر الرأس أو المصطلح | BUEsh |
| 651 #7 - المدخل الاضافى بالموضوع - اسم جغرافى | |
| مصدر الرأس أو المصطلح | BUEsh |
| الاسم الجغرافي | فلسطين |
| التقسيم الفرعي العام | تاريخ |
| التقسيم الفرعي الزمني | العصر الحديث |
| -- | الاحتلال الصهيوني. |
| 655 ## - مصطلح تكشيفى-نوع/شكل | |
| التقسيم الفرعي الشكلي | Reading book |
| 942 ## - عناصر المدخل الإضافي( كوها) | |
| مصدر التصنيف او مخطط الترفيف | Dewey Decimal Classification |
| Koha [default] item type | Book - Borrowing |
| حالة التراجع | حالة الفقد | مصدر التصنيف او خطة الترفيف | حالة تلف | ليس للاعارة | مجموعات كوها | المكان الدائم | المكان الحالي | موقع الترفيف | تاريخ الاكتساب | Source of acquisition | رقم الاستدعاء | الباركود | Date last seen | نوع الوعاء |
|---|---|---|---|---|---|---|---|---|---|---|---|---|---|---|
| Dewey Decimal Classification | Donation-Gift | Central Library | Central Library | Second Floor | 20/06/2010 | Donation | 956.04 ا ل ف | 000021001 | 15/07/2025 | Book - Borrowing |